Central Library OPAC University of Rajshahi

জয়পুর হাট / (Record no. 74061)

MARC details
000 -LEADER
fixed length control field 01230nam a2200265 a 4500
001 - CONTROL NUMBER
control field 74061
003 - CONTROL NUMBER IDENTIFIER
rucl marc code BD-RjUL
005 - DATE AND TIME OF LATEST TRANSACTION
control field 20211209082503.0
008 - FIXED-LENGTH DATA ELEMENTS--GENERAL INFORMATION
fixed length control field 180208s2014 bg a|||| i||| 001 0 ben d
020 ## - INTERNATIONAL STANDARD BOOK NUMBER
International Standard Book Number 9840753312
Terms of availability Tk. 80.00
035 ## - SYSTEM CONTROL NUMBER
System control number (BD-RjUL)74279
040 ## - CATALOGING SOURCE
Original cataloging agency BD-RjUL
Language of cataloging eng
Transcribing agency BD-RjUL
041 ## - LANGUAGE CODE
Language code of text/sound track or separate title ben
082 ## - DEWEY DECIMAL CLASSIFICATION NUMBER
Edition number 23
Classification number 306.095492
Author mark and year JOY 2014
245 ## - TITLE STATEMENT
Title জয়পুর হাট /
Statement of responsibility, etc. সম্পাদক ; শামসুজ্জামান খান , মো. আলতাব হোসেন , আমিনুর রহমান সুলতান
260 ## - PUBLICATION, DISTRIBUTION, ETC. (IMPRINT)
Place of publication, distribution, etc. ঢাকা :
Name of publisher, distributor, etc. বাংলা একডেমী ,
Date of publication, distribution, etc. ২০১৪
300 ## - PHYSICAL DESCRIPTION
Pagination ১৮ , ৩৬০ পৃ. :
Illustrations ছবি ;
Size ২২ সেমি.
490 ## - SERIES STATEMENT
Series statement বাংলাদেশের লোকজ সংস্কৃতি গ্রন্থমালা
500 ## - GENERAL NOTE
General note ইনডেক্স সম্ব্লিত
651 ## - SUBJECT ADDED ENTRY--GEOGRAPHIC NAME
Geographic name জয় পুর হাট (বাংলাদেশ)
Form subdivision লোকজ সংস্কৃতি
9 (RLIN) 220101
Geographic name Joypurhat (Bangladesh)
Form subdivision Social life and customs
9 (RLIN) 220102
Form subdivision Folklore
Chronological subdivision Joypurhat
9 (RLIN) 220103
700 ## - ADDED ENTRY--PERSONAL NAME
Personal name হোসেন, মো. আলতাফ
942 ## - ADDED ENTRY ELEMENTS (KOHA)
Source of classification or shelving scheme Dewey Decimal Classification
Koha item type Books
Holdings
Lost status Source of classification or shelving scheme Damaged status Not for loan Collection code Permanent Location Current Location Shelving location Date acquired Source of acquisition Cost, normal purchase price Total Checkouts Full call number Date last seen Copy number Koha item type
  Dewey Decimal Classification   Not For Loan Non-fiction Central Library, University of Rajshahi Central Library, University of Rajshahi Reading Room 04/10/2017 Author 280.00   B 306.095492 JOY 08/02/2018 C-1 Books
  Dewey Decimal Classification       Central Library, University of Rajshahi Central Library, University of Rajshahi   08/02/2018       306.095492 JOY 2014 08/02/2018   Books